[Event "GER-ch U18 Girls"]
[Site "Willingen"]
[Date "2018.05.24"]
[Round "7"]
[White "Kail, Sindy"]
[Black "Riegel, Arinna"]
[Result "0-1"]
[WhiteElo "1863"]
[BlackElo "1822"]
[PlyCount "68"]
[EventDate "2018.05.19"]
[EventType "swiss"]
[EventRounds "9"]
[EventCountry "GER"]
[SourceTitle "CBM 184 Extra"]
[Source "ChessBase"]
[SourceDate "2018.06.28"]
[SourceVersion "1"]
[SourceVersionDate "2018.06.28"]
[SourceQuality "1"]

1. e4 c5 2. Nf3 e6 3. d4 cxd4 4. Nxd4 a6 5. Nc3 Qc7 6. Bd3 Nf6 7. 0-0 Be7 8. Kh1 b5 9. f4 d6 10. Nce2 Bb7 11. Ng3 Nc6 12. Nxc6 Qxc6 13. Qf3 Rc8 14. Bd2 h5 15. Rfe1 h4 16. Nf1 h3 17. g4 d5 18. Ng3 dxe4 19. Nxe4 Qc7 20. Rac1 Nxe4 21. Bxe4 Bxe4 22. Rxe4 Qc6 23. f5 e5 24. Bc3 f6 25. Re3 Qxf3+ 26. Rxf3 Rc4 27. Rg3 Rh4 28. g5 Rcf4 29. gxf6 gxf6 30. Rg8+ Kf7 31. Ra8 Rxf5 32. Rxa6 Rhf4 33. Rg1 Bc5 34. Bd2 Rf1 0-1

[Event "GER-ch U18 Girls"]
[Site "Willingen"]
[Date "2018.05.20"]
[Round "2"]
[White "Kail, Sindy"]
[Black "Giede, Anna Blume"]
[Result "1-0"]
[WhiteElo "1863"]
[BlackElo "1542"]
[PlyCount "47"]
[EventDate "2018.05.19"]
[EventType "swiss"]
[EventRounds "9"]
[EventCountry "GER"]
[SourceTitle "CBM 184 Extra"]
[Source "ChessBase"]
[SourceDate "2018.06.28"]
[SourceVersion "1"]
[SourceVersionDate "2018.06.28"]
[SourceQuality "1"]

1. e4 c6 2. d4 d5 3. Nd2 dxe4 4. Nxe4 Bf5 5. Ng3 Bg6 6. N1e2 h6 7. Nf4 Bh7 8. Bc4 e6 9. c3 Nf6 10. Qe2 Bd6 11. 0-0 0-0 12. Re1 Re8 13. Nd3 Nbd7 14. f4 c5 15. Be3 Rc8 16. Ne5 Bxe5 17. fxe5 Nd5 18. Bf2 cxd4 19. cxd4 N7b6 20. Bb3 Nf4 21. Qg4 Nfd5 22. Ne4 Rc7 23. Bh4 Qb8 24. Bf6 1-0

[Event "Eschborn op"]
[Site "Eschborn"]
[Date "2017.10.14"]
[Round "2"]
[White "Kail, Sindy"]
[Black "Thinius, Marco"]
[Result "0-1"]
[WhiteElo "1850"]
[BlackElo "2388"]
[PlyCount "54"]
[EventDate "2017.10.13"]
[EventType "swiss"]
[EventRounds "5"]
[EventCountry "GER"]
[SourceTitle "EXT 2019"]
[Source "ChessBase"]
[SourceDate "2018.10.10"]
[SourceVersion "1"]
[SourceVersionDate "2018.10.10"]
[SourceQuality "1"]

1. e4 b6 2. d4 Bb7 3. Bd3 Nf6 4. Qe2 Nc6 5. c3 e5 6. Nf3 d6 7. 0-0 Be7 8. Nbd2 0-0 9. Nc4 exd4 10. cxd4 d5 11. exd5 Nb4 12. Bf5 Nbxd5 13. Nce5 Qd6 14. Bg5 Rae8 15. Nd2 h6 16. Ndc4 Qd8 17. Bd2 Bb4 18. Rfd1 Bxd2 19. Qxd2 Ne7 20. Bh3 Nc6 21. f4 Qd5 22. Ne3 Qe4 23. Qf2 Nxd4 24. Rac1 c5 25. b4 Qxf4 26. Qxf4 Ne2+ 27. Kh1 Nxf4 0-1

[Event "GER-chT Federal Cup (Women)"]
[Site "Braunfels"]
[Date "2017.06.18"]
[Round "5.6"]
[White "Liez, Franziska"]
[Black "Kail, Sindy"]
[Result "0-1"]
[WhiteElo "1844"]
[BlackElo "1850"]
[PlyCount "120"]
[EventDate "2017.06.15"]
[EventType "team-swiss"]
[EventRounds "5"]
[EventCountry "GER"]
[SourceTitle "CBM 179 Extra"]
[Source "ChessBase"]
[SourceDate "2017.08.23"]
[SourceVersion "1"]
[SourceVersionDate "2017.08.23"]
[SourceQuality "1"]
[WhiteTeam "Hessen (W)"]
[BlackTeam "Bayern (W)"]
[WhiteTeamCountry "GER"]
[BlackTeamCountry "GER"]

1. e4 c5 2. Nf3 d6 3. d4 cxd4 4. Nxd4 Nf6 5. Nc3 a6 6. Be2 e5 7. Nb3 Be6 8. 0-0 Nbd7 9. Be3 b5 10. Bf3 Nb6 11. Nd2 Rc8 12. Bxb6 Qxb6 13. Nd5 Nxd5 14. exd5 Bd7 15. b3 g6 16. c4 Bg7 17. Rc1 0-0 18. Kh1 f5 19. Be2 Bh6 20. Rc2 Rfe8 21. f3 Qe3 22. Nb1 bxc4 23. Bxc4 Rxc4 24. Rxc4 Bb5 25. Re1 Qf2 26. Rc2 Qh4 27. g3 Qh3 28. Nc3 Bd7 29. Qe2 e4 30. fxe4 f4 31. Qg2 Qh5 32. Rf2 Bh3 33. Qf3 Bg4 34. Qd3 Qe5 35. Rg1 fxg3 36. Qxg3 Qd4 37. Rc2 Bh5 38. Rf1 Bg7 39. Qf2 Qe5 40. Qf7+ Kh8 41. Rcf2 Rc8 42. Qd7 Qxc3 43. Qxd6 h6 44. Qxa6 Re8 45. d6 Bg4 46. Qb7 Qh3 47. Rf7 Bf5 48. R7xf5 gxf5 49. Qb5 Re5 50. Qc4 fxe4 51. Qf7 e3 52. d7 Qh4 53. Qe8+ Kh7 54. d8Q Qe4+ 55. Kg1 Rxe8 56. Qa5 Re5 57. Qe1 Rg5+ 58. Qg3 Rxg3+ 59. hxg3 e2 60. Re1 Qe3+ 0-1

[Event "Heusenstamm Sparkassen op-A 3rd"]
[Site "Heusenstamm"]
[Date "2016.11.27"]
[Round "3"]
[White "Koellner, Christoph"]
[Black "Kail, Sindy"]
[Result "1-0"]
[WhiteElo "2138"]
[BlackElo "1848"]
[PlyCount "73"]
[EventDate "2016.11.24"]
[EventType "swiss"]
[EventRounds "7"]
[EventCountry "GER"]
[SourceTitle "EXT 2018"]
[Source "ChessBase"]
[SourceDate "2017.10.13"]
[SourceVersion "1"]
[SourceVersionDate "2017.10.13"]
[SourceQuality "1"]

1. d4 d5 2. Nc3 Nf6 3. Bf4 e6 4. Nb5 Na6 5. e3 c6 6. Nc3 b6 7. Nf3 Nh5 8. Bg5 Qc7 9. Ne5 Nf6 10. Nxc6 Nd7 11. Ne5 Nxe5 12. dxe5 Nc5 13. Bf4 a6 14. Qg4 Bb7 15. h4 b5 16. a3 Nd7 17. Bg3 Nxe5 18. Qd4 f6 19. h5 Bd6 20. Be2 Rc8 21. Qh4 Nc4 22. Bxc4 Bxg3 23. Bxb5+ axb5 24. Qxg3 e5 25. 0-0 0-0 26. Rfd1 Rfd8 27. Qg4 Qc6 28. f3 d4 29. exd4 Qb6 30. Kh1 exd4 31. Ne2 Rxc2 32. Nxd4 Rxb2 33. Ne6 Rxd1+ 34. Rxd1 Kf7 35. Qxg7+ Kxe6 36. Qd7+ Ke5 37. Re1+ 1-0

[Event "GER-ch U16 Girls"]
[Site "Willingen"]
[Date "2016.05.17"]
[Round "4"]
[White "Schilay, Eva"]
[Black "Kail, Sindy"]
[Result "1/2-1/2"]
[WhiteElo "1599"]
[BlackElo "1716"]
[PlyCount "78"]
[EventDate "2016.05.15"]
[EventType "swiss"]
[EventRounds "9"]
[EventCountry "GER"]
[SourceTitle "CBM 172 Extra"]
[Source "ChessBase"]
[SourceDate "2016.06.21"]
[SourceVersion "1"]
[SourceVersionDate "2016.06.21"]
[SourceQuality "1"]

1. e4 c5 2. Nc3 Nc6 3. Nf3 d6 4. d4 cxd4 5. Nxd4 Nf6 6. Be3 e5 7. Nb3 Be6 8. f3 d5 9. exd5 Nxd5 10. Nxd5 Bxd5 11. Bb5 Qh4+ 12. Kf1 Rd8 13. Qe2 a6 14. Bf2 Qf6 15. Bxc6+ Bxc6 16. Re1 Bd6 17. Bc5 e4 18. Bd4 Be5 19. Bxe5 Qxe5 20. c3 0-0 21. Nd4 Qxd4 22. cxd4 Bb5 23. Qxb5 axb5 24. Rxe4 f5 25. Re2 Rxd4 26. Kf2 Rfd8 27. Rhe1 b4 28. Re5 g6 29. Re7 b5 30. R7e5 Ra8 31. Rxb5 Rxa2 32. Re2 Ra7 33. Rbe5 Kf7 34. Kg3 Rad7 35. Kf2 Rc4 36. Kg3 Rdc7 37. Kf2 Rc2 38. Ke1 b3 39. R5e3 Rxe2+ 1/2-1/2

[Event "GER-ch U16 Girls"]
[Site "Willingen"]
[Date "2016.05.16"]
[Round "3"]
[White "Kail, Sindy"]
[Black "Waechter, Nathalie"]
[Result "0-1"]
[WhiteElo "1716"]
[BlackElo "1964"]
[PlyCount "92"]
[EventDate "2016.05.15"]
[EventType "swiss"]
[EventRounds "9"]
[EventCountry "GER"]
[SourceTitle "CBM 172 Extra"]
[Source "ChessBase"]
[SourceDate "2016.06.21"]
[SourceVersion "1"]
[SourceVersionDate "2016.06.21"]
[SourceQuality "1"]

1. e4 d5 2. exd5 Nf6 3. Nc3 Nxd5 4. Bc4 Be6 5. Qf3 c6 6. Nge2 Nd7 7. d4 N7f6 8. Nxd5 Bxd5 9. Bxd5 Qxd5 10. Qxd5 Nxd5 11. Bd2 e6 12. a3 Bd6 13. c4 Nf6 14. f3 0-0 15. 0-0 Rfd8 16. Rfd1 a5 17. Nc3 h6 18. g3 Be7 19. Be3 Rd7 20. Na4 Rdd8 21. Nc3 Rab8 22. a4 Rd7 23. Rd2 Rbd8 24. Rad1 Bb4 25. Kf2 Ne8 26. Rd3 Nd6 27. b3 Nf5 28. Ne4 Be7 29. g4 Nxe3 30. Kxe3 b6 31. f4 f5 32. Nf2 Kf7 33. h3 Bh4 34. Nh1 Re8 35. Kf3 Bf6 36. Ng3 g6 37. Ne2 Red8 38. Ke3 Re8 39. Kf3 Red8 40. Ke3 g5 41. gxf5 exf5 42. Kf3 Re8 43. Re3 g4+ 44. hxg4 fxg4+ 45. Kf2 Bh4+ 46. Ng3 Rxe3 0-1

[Event "GER-ch U14 Girls"]
[Site "Magdeburg"]
[Date "2014.06.09"]
[Round "3"]
[White "Kail, Sindy"]
[Black "Riegel, Arinna"]
[Result "1/2-1/2"]
[WhiteElo "1487"]
[BlackElo "1576"]
[PlyCount "109"]
[EventDate "2014.06.08"]
[EventType "swiss"]
[EventRounds "9"]
[EventCountry "GER"]
[SourceTitle "CBM 160 Extra"]
[Source "ChessBase"]
[SourceDate "2014.07.01"]
[SourceVersion "1"]
[SourceVersionDate "2014.07.01"]
[SourceQuality "1"]

1. e4 c5 2. Nf3 e6 3. d4 cxd4 4. Nxd4 a6 5. Nc3 Qc7 6. Be3 Bb4 7. Nde2 Nf6 8. f3 b5 9. a3 Bc5 10. Bxc5 Qxc5 11. Qd4 Qxd4 12. Nxd4 Bb7 13. Rd1 Nc6 14. Be2 0-0 15. 0-0 Rfd8 16. Rd2 Nxd4 17. Rxd4 Bc6 18. e5 Nd5 19. Nxd5 Bxd5 20. c4 bxc4 21. Bxc4 Bxc4 22. Rxc4 d5 23. exd6 Rxd6 24. Rfc1 Rad8 25. Rc8 Kf8 26. Rxd8+ Rxd8 27. Rc6 a5 28. Rc5 Rd5 29. Rxd5 exd5 30. Kf2 Ke7 31. Ke3 a4 32. Kd4 Kd6 33. f4 f6 34. Kc3 Kc5 35. b3 axb3 36. Kxb3 Kd4 37. Kc2 Kc4 38. a4 Kb4 39. Kd3 Kxa4 40. Kd4 Kb4 41. Kxd5 Kc3 42. Ke6 Kd4 43. f5 h5 44. g3 Ke4 45. h3 Kf3 46. Kf7 Kxg3 47. Kxg7 Kxh3 48. Kxf6 Kg3 49. Ke6 h4 50. f6 h3 51. f7 h2 52. f8Q h1Q 53. Qd6+ Kg2 54. Qd2+ Kg1 55. Qe1+ 1/2-1/2

[Event "GER-ch U14 Girls"]
[Site "Magdeburg"]
[Date "2014.06.08"]
[Round "1"]
[White "Kail, Sindy"]
[Black "Halas, Julia"]
[Result "1-0"]
[WhiteElo "1487"]
[BlackElo "1690"]
[PlyCount "79"]
[EventDate "2014.06.08"]
[EventType "swiss"]
[EventRounds "9"]
[EventCountry "GER"]
[SourceTitle "CBM 160 Extra"]
[Source "ChessBase"]
[SourceDate "2014.07.01"]
[SourceVersion "1"]
[SourceVersionDate "2014.07.01"]
[SourceQuality "1"]

1. e4 e6 2. d4 d5 3. Nd2 Nf6 4. e5 Nfd7 5. Bd3 c5 6. c3 Nc6 7. Ne2 cxd4 8. cxd4 f6 9. f4 Be7 10. Nf3 0-0 11. 0-0 Qb6 12. Kh1 Re8 13. a3 f5 14. b4 a6 15. Rb1 Qd8 16. Qe1 b5 17. Qg3 Nb6 18. Be3 Nc4 19. Bxc4 dxc4 20. Nc3 Bf8 21. Rfd1 Ne7 22. Ng1 Bb7 23. Nge2 Qc7 24. a4 Bc6 25. a5 Qb7 26. Rb2 Rad8 27. Kg1 Ng6 28. Qf2 Be7 29. g3 Bf8 30. h3 Qc8 31. g4 Ne7 32. Kh2 Qb7 33. Rg1 Kh8 34. g5 Bf3 35. h4 Ng6 36. Kg3 Bc6 37. h5 Ne7 38. Kh2 Bf3 39. Ng3 Bc6 40. Nge2 1-0

[Event "GER-ch U14 Girls"]
[Site "Magdeburg"]
[Date "2014.06.08"]
[Round "2"]
[White "Sanati, Charlotte"]
[Black "Kail, Sindy"]
[Result "1-0"]
[WhiteElo "1757"]
[BlackElo "1487"]
[PlyCount "91"]
[EventDate "2014.06.08"]
[EventType "swiss"]
[EventRounds "9"]
[EventCountry "GER"]
[SourceTitle "CBM 160 Extra"]
[Source "ChessBase"]
[SourceDate "2014.07.01"]
[SourceVersion "1"]
[SourceVersionDate "2014.07.01"]
[SourceQuality "1"]

1. e4 c5 2. Nf3 d6 3. d4 cxd4 4. Nxd4 Nf6 5. Nc3 a6 6. Bc4 e6 7. Be3 Nc6 8. Qd2 Be7 9. h3 Qc7 10. Bb3 b5 11. a3 Bb7 12. 0-0-0 0-0-0 13. Bxe6+ fxe6 14. Nxe6 Qd7 15. Nxd8 Rxd8 16. Bb6 Re8 17. Rhe1 Bd8 18. Bxd8 Rxd8 19. Nd5 Nxd5 20. exd5 Ne7 21. Qc3+ Kb8 22. Qxg7 Nxd5 23. Qg5 Rf8 24. f3 Qf5 25. Re8+ Ka7 26. Qxf5 Rxf5 27. Rg8 Re5 28. Rg7 h5 29. g4 Kb8 30. f4 Nxf4 31. Rxd6 Kc8 32. Rf6 Ne6 33. Re7 Bd5 34. Rf8+ Nxf8 35. Rxe5 Bc6 36. Rxh5 Kd7 37. Re5 Ng6 38. Re3 Bd5 39. Kd2 Be6 40. Kc3 a5 41. Kd4 Kd6 42. Rf3 Ne5 43. Rf6 Nc4 44. a4 bxa4 45. Rxe6+ Kxe6 46. Kxc4 1-0